La sociedad : revista religiosa, filosófica, política y literaria /

I tiakina i:
Ngā taipitopito rārangi puna kōrero
Kaituhi matua: Balmes, Jaime (autor)
Hōputu: Pukapuka
Reo:Pāniora
Putanga:3a edición
Rangatū:(La Sociedad ; 3)
Ngā marau:
Ngā Tūtohu: Tāpirihia he Tūtohu
Kāore He Tūtohu, Me noho koe te mea tuatahi ki te tūtohu i tēnei pūkete!

MARC

LEADER 00000nam^a2200000^a^4500
001 000364395
005 20250526000000.0
009 20260310115614.535
037 |a Acervo Xavier Clavigero 
041 |a ESP 
082 |a 196. 1  |b BAL OBR SOC V. 3 
100 |a Balmes, Jaime  |e (autor) 
240 1 4 |a [La sociedad] 
245 1 3 |a La sociedad :  |b revista religiosa, filosófica, política y literaria /  |c J. Balmes. 
250 |a 3a edición 
264 |a Barcelona, España :  |b Imprenta del Diario de Barcelona,  |c 1867 
300 |a 166 p. ;  |c 18.0 cm. 
336 |a texto  |b txt  |2 rdacontenido 
337 |a sin mediación  |b n  |2 rdamedio 
338 |a volumen  |b nc  |2 rdasoporte 
440 4 |a (La Sociedad ;  |v 3) 
545 0 |a Jaime Luciano Balmes (Vic, 1810 – Barcelona, 1848), filósofo, teólogo y sacerdote, considerado el pensador más importante de la España romántica. Estudió Teología, Derecho Civil y Canónico en la Universidad de Cervera, donde obtuvo su doctorado en 1835. Su inquietud por fundamentar una filosofía católica fue uno de los jalones de la renovación de la escolástica durante el siglo XIX, en tanto en sus participaciones en los debates político-religiosos de su entorno asumió la ideología del moderantismo, cuyo objetivo era alcanzar una solución de compromiso respecto a las disputas entonces imperantes por la sucesión dinástica en el trono español. Fundador de la revista La Civilización (1841-43) y el periódico El Pensamiento de la Nación (1843-46), donde puso de manifiesto esas ideas, publicó un volumen postrero de sus Escritos políticos (1848). Los títulos más sobresalientes de su producción filosófica y teológica son El protestantismo comparado con el catolicismo en sus relaciones con la civilización europea (1842-44) y Cartas a un escéptico en materia de religión (1846), trabajos de apologética y polémica; El criterio (1845), un código de lógica práctica, y los tratados comprensivos Curso de filosofía elemental, propuesto como un libro de texto para la enseñanza, y Filosofía fundamental (1846). 
561 |a Ex libris de Biblioteca Residencia S.J. Guadalajara 
649 |a XX 
650 |a Catolicismo 
650 |a Cristianismo 
650 |a Filosofía y Religión 
650 |a Política -  |z España -  |x Historia -  |y Isabel II, 1833-1868 
650 |a Política y Religión 
650 |a Religión y Literatura 
650 |a Religión -  |z España -  |x Historia -  |y Isabel II, 1833-1868 
650 |a Religión -  |x Publicaciones Periódicas Españolas -  |x Tema Principal 
650 |a Publicaciones Periódicas Españolas 
650 |a Espartero, Baldomero 
910 |a Fondo General 
920 |a Impresos - Libros 
930 |a Libros Antiguos y Raros 
905 |a 108 
901 |a 0500257999  |b IT2  |c LRA  |u 20250526 
902 |a https://opac.biblio.iteso.mx/vufind/Record/000364395